000 00557nam a22001937a 4500
003 KOHA_MİRAKIL
005 20251224144937.0
008 251224b tu ||||| |||| 00| 0 tur d
020 _a9789751044341
040 _aTR-AnABB
_btur
_cTR-AnABB
041 _atur
082 _a297.758
_bGOL 2023
100 1 _aGölpınarlı, Abdülbaki,
245 1 0 _aMevlânâ'dan sonra Mevlevilik /
_cAbdülbâki Gölpınarlı
260 _aİstanbul :
_bİnkılap Kitabevi,
_c2023
300 _a508 sayfa ;
_c23 cm
650 0 4 _aMevlevilik
942 _2ddc
_cBK
999 _c9934
_d9934
900 _bGizem YORULMAZ